| 000 | 01162nam a2200253 4500 | ||
|---|---|---|---|
| 008 | 110505s2009 ch 000 0 chi | ||
| 020 | _a7100063876 | ||
| 020 | _a9787100063876 :HK32.00/Php189.34 | ||
| 090 |
_aBL2773 _bM56 _b2009 _bv. I |
||
| 100 | 1 |
_a著, 法让·梅叶 Meslier, Jean, _d1664-1729 |
|
| 245 | 1 | 0 | _a遗书. 第一卷 Yi shu. di yi juan |
| 246 | 1 | 0 |
_aLe Testament / _c著, 法让·梅叶(Jean Meslier)著 ;陈太先,眭茂译; Mei li ai; Chen tai xian.; Sui mao. |
| 260 |
_a商務印書館 Commercial Press, Beijing : _bShang wu yin shu guan, _c2009. |
||
| 300 |
_a2, 5, 3, 284 p. : _bill., ; _c21 cm |
||
| 490 | 1 | _a漢譯世界學術名著叢書 Han yi shi jie xue zhu ming zhu cong shu.=[Collection of world-renown academic classical works in Chinese]. | |
| 500 | _aTranslation of: Le testament. | ||
| 650 | 4 |
_aChristianity _xControversial literature {ch}. |
|
| 650 | 4 |
_aReligion _xControversial literature {ch}. |
|
| 650 | 4 | _a政治、法律、社會學 {ch}. | |
| 700 | 1 | _aChen Taixian. | |
| 700 | 1 | _aRang Meiye. | |
| 700 | 1 | _aSui mao. | |
| 951 |
_pC-10455 _x00040354 _oREF-CHBL2773/M56/2009/v. I _j110505120314334 _d2000-12-21 _cRef-CH |
||
| 999 |
_c35601 _d35601 |
||